000 00881nam a22002055i 4500
001 160843
003 ES-MaACL
005 20230906212134.0
008 041004s1847 fr |||| | spa d
040 _aCAM
_bspa
_cCAM
100 1 _aNúñez de Taboada, M.
_9130557
245 1 0 _aDiccionario francés-español y español-francés
_b: contiene todas las voces autorizadas por el uso... /
_cescrita la parte francesa-española por Nuñez de Taboada.
260 _aParis :
_bCarlos Hingray, Librero-Editor,
_c1847 (
_fImprenta de H. Fournier)
300 _av. ;
_c21 cm.
597 _aTomo I (482 p.)
650 4 _aLengua francesa-
_vDiccionarios-
_xEspañol.
_914213
650 4 _aLengua española-
_vDiccionarios-
_xFrancés.
_914145
700 1 1 _aHingray, Charles,
_eed.
_9127989
852 _aES-MaACL
_jC-3374
_z-- Enc. pasta española
_z-- Legado M. de La Fuente
_q-- Solo tomo I
999 _c160843
_d160843